Statistics for Modern day countries of the Roman Empire

Click here to take the quiz!

General Stats

  • This quiz has been taken 80 times
    (52 since last reset)
  • The average score is 47 of 50

Answer Stats

Answer% Correct
Algeria
100%
Austria
100%
Bosnia
100%
Croatia
100%
Italy
100%
Spain
100%
Albania
98%
Belgium
98%
Egypt
98%
France
98%
Germany
98%
Greece
98%
Libya
98%
Montenegro
98%
Morocco
98%
Portugal
98%
Slovenia
98%
United Kingdom
98%
Bulgaria
96%
Hungary
96%
Netherlands
96%
North Macedonia
96%
San Marino
96%
Serbia
96%
Syria
96%
Tunisia
96%
Vatican City
96%
Andorra
93%
Armenia
93%
Azerbaijan
93%
Georgia
93%
Iran
93%
Iraq
93%
Israel
93%
Kosovo
93%
Romania
93%
Turkey
93%
Lebanon
91%
Liechtenstein
91%
Luxembourg
91%
Malta
91%
Saudi Arabia
91%
Slovakia
91%
Jordan
89%
Monaco
89%
Switzerland
89%
Ukraine
89%
Cyprus
84%
Kuwait
78%
Moldova
78%

Score Distribution

Percentile by Number Answered

Percent of People with Each Score

Your Score History

You have not taken this quiz since the last reset